US States With Lowest Population Growth - Statistics

General Stats
  • This quiz has been taken 50 times
  • The average score is 8 of 10
Answer Stats
Hint Answer % Correct
1.09% Rhode Island
91%
1.09% Ohio
88%
1.1% New York
86%
0.98% West Virginia
86%
1.11% Maine
81%
1.09% Pennsylvania
81%
1.11% Illinois
79%
1.1% Connecticut
77%
1.08% Michigan
77%
1.1% Louisiana
53%
No matching quizzes found
Score Distribution
Percent of People with Each Score
Percentile by Number Answered
Your Score History
You have not taken this quiz